<?xml version="1.0" encoding="UTF-8"?>
<record
    xmlns:xsi="http://www.w3.org/2001/XMLSchema-instance"
    xsi:schemaLocation="http://www.loc.gov/MARC21/slim http://www.loc.gov/standards/marcxml/schema/MARC21slim.xsd"
    xmlns="http://www.loc.gov/MARC21/slim">

  <leader>03293nab a2200241 i 4500</leader>
  <controlfield tag="003">BR-BrBNA</controlfield>
  <controlfield tag="005">20260410095127.0</controlfield>
  <controlfield tag="008">260410b2019    bl.qr|pooa||| 00| 0 eng |</controlfield>
  <datafield tag="040" ind1=" " ind2=" ">
    <subfield code="a">BR-BrBNA</subfield>
    <subfield code="b">eng</subfield>
  </datafield>
  <datafield tag="072" ind1=" " ind2=" ">
    <subfield code="a">K10</subfield>
  </datafield>
  <datafield tag="100" ind1=" " ind2=" ">
    <subfield code="a">Dombroski, Jeferson Luiz Dallabona </subfield>
  </datafield>
  <datafield tag="100" ind1=" " ind2=" ">
    <subfield code="a">Pinto, Jos&#xE9; Rivanildo de Souza </subfield>
  </datafield>
  <datafield tag="245" ind1=" " ind2=" ">
    <subfield code="a">Crown Area as a Parameter for Biomass Estimation of Croton sonderianus M&#xFC;ll. Arg.</subfield>
  </datafield>
  <datafield tag="500" ind1=" " ind2=" ">
    <subfield code="a">Publica&#xE7;&#xE3;o on-line; 23 ref.; 1 table; 1 illus.; Summary (En)</subfield>
  </datafield>
  <datafield tag="520" ind1=" " ind2=" ">
    <subfield code="a">

ABSTRACT

Current tree biomass estimation techniques generally use remote sensing data and allometric
models for validation, which relate non-destructive parameters to plant biomass, usually employing
diameter at the plant base or breast height and plant height. In the Caatinga Biome, many plants
present multiple stems, thus making it difficult to measure the plant diameter, and lost branches,
which are difficult to correct for. Hence, there is a need for suitable models for Caatinga plants,
as well as studies on the possibility of using other parameters. For this study, plant and branch
basal diameter, plant height, and crown area of Croton sonderianus plants were measured, and
plants were also collected and weighed. Several classic models and their variations were tested.
The best models were variations of Naslund (R2 = 0.92; rmse = 1,221) and Schumacher &amp; Hall(R2
 = 0.92; rmse = 1,217). Plant height and crown area enables a better biomass estimation than
using plant or branch basal diameter.

Keywords: allometric models, Schumacher &amp; Hall, Naslund.






&#xC1;rea da Copa como Par&#xE2;metro para Estimar Biomassa de Croton sonderianus M&#xFC;ll. Arg

RESUMO

As t&#xE9;cnicas modernas para estimar biomassa arb&#xF3;rea geralmente usam dados de sensoriamento
remoto e modelos alom&#xE9;tricos para valida&#xE7;&#xE3;o, que relacionam par&#xE2;metros n&#xE3;o destrutivos com
a biomassa da planta, normalmente empregando di&#xE2;metro basal ou di&#xE2;metro &#xE0; altura do peito e
altura da planta. No bioma Caatinga, muitas plantas apresentam m&#xFA;ltiplas ramifica&#xE7;&#xF5;es, o que
dificulta a medi&#xE7;&#xE3;o do seu di&#xE2;metro, e ramos perdidos, de dif&#xED;cil corre&#xE7;&#xE3;o. Assim, s&#xE3;o necess&#xE1;rios
modelos adequados para plantas da Caatinga, al&#xE9;m de estudos sobre a possibilidade de uso de
outros par&#xE2;metros. Para este estudo, foram mensurados di&#xE2;metro basal de plantas e ramos,
altura das plantas e &#xE1;rea da copa de indiv&#xED;duos de Croton sonderianus, e plantas foram coletadas
e pesadas. V&#xE1;rios modelos cl&#xE1;ssicos e varia&#xE7;&#xF5;es foram testados. Os melhores modelos foram
varia&#xE7;&#xF5;es de Naslund (R2 = 0,92; rmse = 1.221) e Schumacher &amp; Hall (R2 = 0,92; rmse = 1.217).
Altura das plantas e &#xE1;rea da copa permitem estimar melhor a biomassa do que di&#xE2;metro basal
de plantas ou ramos.

Palavras-chave: modelos alom&#xE9;tricos, Schumacher &amp; Hall, Naslund.</subfield>
  </datafield>
  <datafield tag="650" ind1=" " ind2=" ">
    <subfield code="a">CR&#xD3;TON SONDERIANUS</subfield>
  </datafield>
  <datafield tag="650" ind1=" " ind2=" ">
    <subfield code="a">BIOMASSA</subfield>
  </datafield>
  <datafield tag="650" ind1=" " ind2=" ">
    <subfield code="a">ESTIMATIVA</subfield>
  </datafield>
  <datafield tag="773" ind1="0" ind2=" ">
    <subfield code="0">2929</subfield>
    <subfield code="9">347953</subfield>
    <subfield code="d">Rio de Janeiro-RJ Instituto de Florestas - UFRRJ 1994</subfield>
    <subfield code="o">2025-0452</subfield>
    <subfield code="t">Floresta e Ambiente (Brazil)</subfield>
    <subfield code="x">1415-0980  /  ISSN 2179-8087 0nline</subfield>
    <subfield code="g">v. 26(4) p. 1-7; (2019)</subfield>
    <subfield code="w">BR2026000328</subfield>
  </datafield>
  <datafield tag="856" ind1=" " ind2=" ">
    <subfield code="u">https://www.scielo.br/j/floram/a/yLbLM38snJxXvy97g7PKm7d/?format=pdf&amp;lang=en</subfield>
  </datafield>
  <datafield tag="942" ind1=" " ind2=" ">
    <subfield code="c">ANA</subfield>
  </datafield>
  <datafield tag="999" ind1=" " ind2=" ">
    <subfield code="c">341318</subfield>
    <subfield code="d">341318</subfield>
  </datafield>
</record>
